Drawing for the absolute beginner : (Record no. 1452)

MARC details
000 -LEADER
fixed length control field 01012cam a22003014a 4500
005 - DATE AND TIME OF LATEST TRANSACTION
control field 20260322212101.0
008 - FIXED-LENGTH DATA ELEMENTS--GENERAL INFORMATION
fixed length control field data
010 ## - LIBRARY OF CONGRESS CONTROL NUMBER
LC control number 2006008900
015 ## - NATIONAL BIBLIOGRAPHY NUMBER
National bibliography number GBA686204
Source bnb
016 7# - NATIONAL BIBLIOGRAPHIC AGENCY CONTROL NUMBER
Record control number 013573252
Source Uk
020 ## - INTERNATIONAL STANDARD BOOK NUMBER
International Standard Book Number 9781581807899 (pbk. : alk. paper)
020 ## - INTERNATIONAL STANDARD BOOK NUMBER
International Standard Book Number 1581807899 (pbk. : alk. paper)
040 ## - CATALOGING SOURCE
Original cataloging agency DLC
Transcribing agency DLC
Modifying agency DLC
-- BAKER
-- YDXCP
-- BTCTA
-- NPL
-- VP@
-- QBX
-- UKM
-- DLC
042 ## - AUTHENTICATION CODE
Authentication code pcc
050 00 - LIBRARY OF CONGRESS CALL NUMBER
Classification number NC730
Item number .W4885 2006
082 00 - DEWEY DECIMAL CLASSIFICATION NUMBER
Classification number 741.2
Edition information 22
092 ## - LOCALLY ASSIGNED DEWEY CALL NUMBER (OCLC)
Classification number 741.2 W4885 2006
001 - CONTROL NUMBER
control field data
100 1# - MAIN ENTRY--PERSONAL NAME
Personal name Willenbrink, Mark,
Dates associated with a name 1962-
245 10 - TITLE STATEMENT
Title Drawing for the absolute beginner :
Remainder of title a clear & easy guide to successful drawing /
Statement of responsibility, etc. Mark Willenbrink & Mary Willenbrink.
250 ## - EDITION STATEMENT
Edition statement 1st ed.
260 ## - PUBLICATION, DISTRIBUTION, ETC.
Place of publication, distribution, etc. Cincinnati, Ohio :
Name of publisher, distributor, etc. North Light Books,
Date of publication, distribution, etc. c2006.
300 ## - PHYSICAL DESCRIPTION
Extent 128 p. :
Other physical details chiefly ill. ;
Dimensions 28 cm.
500 ## - GENERAL NOTE
General note Includes index.
650 #0 - SUBJECT ADDED ENTRY--TOPICAL TERM
Topical term or geographic name entry element Drawing
General subdivision Technique.
700 1# - ADDED ENTRY--PERSONAL NAME
Personal name Willenbrink, Mary,
Dates associated with a name 1962-
856 41 - ELECTRONIC LOCATION AND ACCESS
Materials specified Table of contents only
Uniform Resource Identifier <a href="http://www.loc.gov/catdir/toc/ecip0610/2006008900.html">http://www.loc.gov/catdir/toc/ecip0610/2006008900.html</a>
Holdings
Withdrawn status Lost status Damaged status Not for loan Home library Current library Shelving location Date acquired Total checkouts Full call number Barcode Date last seen Price effective from Koha item type
        Franklin Franklin General stacks 22/03/2026   741.2 22 BC0011499 22/03/2026 22/03/2026 Books